000 00602nam a2200169 i 4500
001 90277
003 ES-MaACL
005 20230906180411.0
007 t|
008 050119s1909 fr ||||1| fre d
100 1 _aLe Gentil, Georges.
_970883
245 1 4 _aLes revues littéraires de l'Espagne pendant la première moitié du XIXe siècle /
_caperçu bibliographique par Georges Le Gentil.
260 _aParis :
_bHachette,
_c1909 (
_eBordeaux :
_fG. Gounouilhou)
300 _aXX, 156 p. ;
_c25 cm.
650 4 _aLiteratura-
_vPublicaciones periódicas-
_zEspaña.
_914490
852 _aES-MaACL
_jB-1342
999 _c90277
_d90277